<?xml version="1.0" encoding="UTF-8"?>
<record
    xmlns:xsi="http://www.w3.org/2001/XMLSchema-instance"
    xsi:schemaLocation="http://www.loc.gov/MARC21/slim http://www.loc.gov/standards/marcxml/schema/MARC21slim.xsd"
    xmlns="http://www.loc.gov/MARC21/slim">

  <leader>00347pam a2200145 a 4500</leader>
  <datafield tag="020" ind1=" " ind2=" ">
    <subfield code="c"></subfield>
  </datafield>
  <datafield tag="041" ind1=" " ind2=" ">
    <subfield code="h"></subfield>
  </datafield>
  <datafield tag="100" ind1=" " ind2=" ">
    <subfield code="a">R D STACEY, </subfield>
    <subfield code="e">Author</subfield>
  </datafield>
  <datafield tag="245" ind1=" " ind2=" ">
    <subfield code="a">COMPLEXITY AND MANAGEMENT</subfield>
    <subfield code="c">R D STACEY, </subfield>
    <subfield code="h">Textual Documents </subfield>
  </datafield>
  <datafield tag="260" ind1=" " ind2=" ">
    <subfield code="a">Hyderabad</subfield>
    <subfield code="b">icfai</subfield>
  </datafield>
  <datafield tag="300" ind1=" " ind2=" ">
    <subfield code="a">223</subfield>
  </datafield>
  <datafield tag="653" ind1=" " ind2=" ">
    <subfield code="a">Management</subfield>
  </datafield>
  <datafield tag="700" ind1=" " ind2=" ">
    <subfield code="a">DOUGLAS GRIFFIN</subfield>
    <subfield code="e">Co-Author</subfield>
  </datafield>
  <datafield tag="930" ind1=" " ind2=" ">
    <subfield code="a">851</subfield>
  </datafield>
  <datafield tag="999" ind1=" " ind2=" ">
    <subfield code="c">228252</subfield>
    <subfield code="d">228252</subfield>
  </datafield>
  <datafield tag="952" ind1=" " ind2=" ">
    <subfield code="0">0</subfield>
    <subfield code="1">0</subfield>
    <subfield code="4">0</subfield>
    <subfield code="7">0</subfield>
    <subfield code="8">General </subfield>
    <subfield code="a">HMP</subfield>
    <subfield code="b">HMP</subfield>
    <subfield code="d">2010-07-02</subfield>
    <subfield code="e">Bharati Madhyavarti Grahak Bhandar Ltd,Pune</subfield>
    <subfield code="g">265.00</subfield>
    <subfield code="l">0</subfield>
    <subfield code="o"> </subfield>
    <subfield code="p">HMP-D-2982</subfield>
    <subfield code="r">2023-03-07 00:00:00</subfield>
    <subfield code="t">2</subfield>
    <subfield code="w">2023-03-07</subfield>
    <subfield code="y">BK</subfield>
  </datafield>
  <datafield tag="952" ind1=" " ind2=" ">
    <subfield code="0">0</subfield>
    <subfield code="1">0</subfield>
    <subfield code="4">0</subfield>
    <subfield code="7">0</subfield>
    <subfield code="8">General </subfield>
    <subfield code="a">HMP</subfield>
    <subfield code="b">HMP</subfield>
    <subfield code="d">2010-07-02</subfield>
    <subfield code="e">Bharati Madhyavarti Grahak Bhandar Ltd,Pune</subfield>
    <subfield code="g">265.00</subfield>
    <subfield code="l">0</subfield>
    <subfield code="o"> </subfield>
    <subfield code="p">HMP-D-2981</subfield>
    <subfield code="r">2023-03-07 00:00:00</subfield>
    <subfield code="t">1</subfield>
    <subfield code="w">2023-03-07</subfield>
    <subfield code="y">BK</subfield>
  </datafield>
</record>
